Problémy úžitkovej hodnoty a kvality spotrebného tovaru vo vzťahu k životnej úrovni obyvateľstva čiastková úloha ŠPEV VI-5/1-5

Saved in:
Bibliographic Details
Main Author: Schwaer, Ľudovít
Format: Book
Language:Slovak
Published: Bratislava Vysoká škola ekonomická 1979
Tags: Add Tag
No Tags, Be the first to tag this record!

MARC

LEADER 00000nam a2200000 4500
001 c140939
005 20250703084233.7
041 0 |a slo 
044 |a SK 
245 1 0 |a Problémy úžitkovej hodnoty a kvality spotrebného tovaru vo vzťahu k životnej úrovni obyvateľstva  |b čiastková úloha ŠPEV VI-5/1-5  |c Ľudovít Schwaer 
264 1 |a Bratislava  |b Vysoká škola ekonomická  |c 1979 
300 |a 201 s. 
100 1 |a Schwaer, Ľudovít